000 01115nam a2200301Ia 4500
003 OSt
005 20221007123329.0
006 a|||||r|||| 00| 0
007 ta
008 221006b |||||||| |||| 00| 0 eng d
020 _a0126441405 (hbd)
_c
_ 79.95
024 _a6858
037 _bAshutosh,
_cTextual
040 _aPAPL
_cPAPL
_beng
041 _2eng
_aeng
082 _aC211;c5, P0
100 _aSimmons Joseph H
_9463311
245 0 _aOptical materials by Joseph H Simmons and Kelly S Potter
_b Potter Kelly S
260 _aSan
_bDiego Academic Press
_c2000
300 _axv,391p
_ccm.
500 _aIncludes bibliographical references; Index 379-391p; ^n23/CSL/Carpa/00-01/267^d2000-07-10^mPurchase; ; 2000-2001/135^b2000-07-14^cATB/58^d2000-07-10^eRs.6,059.45^fAshutosh Technical Books; ; 2000-08-23^bSB^c2000-08-17^dSB
650 _a Material
_9717106
650 _a Optical properties
_9713793
650 _aPhysics
700 _a Potter Kelly S
_9463312
942 _hC211;c5, P0
_cTEXL
_2CC
999 _c1211705
_d1211705